| 000 | 00623nrm a2200217 ia4500 | ||
|---|---|---|---|
| 005 | 20231106113201.0 | ||
| 008 | 231018s2023 ja gleng d | ||
| 024 | _cRM 50.00 | ||
| 040 |
_aPPAK _beng _cPPAK _erda |
||
| 082 | 0 | 4 |
_a793.4 _223 |
| 090 | 0 | 0 |
_a793.4 _bFOO _dRK |
| 245 | 0 | 0 | _aFootball Field (Canvas) |
| 264 | 1 |
_aOsaka, Japan : _bArtec Co., Ltd., _c2023 |
|
| 300 | _a1 canvas | ||
| 336 |
_aobject _2rdacontent |
||
| 337 |
_aunmediated _2rdamedia |
||
| 338 |
_avolume _2rdacarrier |
||
| 500 | _aPlay with 2 robots (comes seperately) | ||
| 650 | 1 | 0 | _aGames of action |
| 942 |
_2ddc _cGAM |
||
| 999 |
_c193394 _d193394 |
||